|
|
|
|
| LEADER |
01422nam a2200349 a 4500 |
| 001 |
2026467 |
| 008 |
090809r20001987enk 000 1 eng d |
| 010 |
|
|
|a 91228859
|
| 020 |
|
|
|a 0141183632
|
| 020 |
|
|
|a 9780141183633
|
| 040 |
|
|
|a DLC
|c DLC
|
| 082 |
0 |
0 |
|a 823/.8
|2 20
|
| 999 |
|
|
|c 3376
|d 3376
|
| 999 |
|
|
|c 3376
|
| 100 |
1 |
|
|a Kipling, Rudyard,
|d 1865-1936.
|9 5636
|
| 245 |
1 |
0 |
|a Kim /
|c Rudyard Kipling ; edited with an introduction and notes by Edward W. Said.
|
| 260 |
|
|
|a London :
|b Penguin Books,
|c 1987.[reprinted 2000]
|
| 300 |
|
|
|a 365 p. ;
|c 18 cm.
|
| 490 |
0 |
|
|a Penguin classics
|
| 541 |
1 |
|
|e 00012022
|
| 650 |
|
0 |
|a Irish
|z India
|v Fiction.
|9 5637
|
| 650 |
|
0 |
|a Orphans
|v Fiction.
|9 5638
|
| 650 |
|
0 |
|a Lamas
|v Fiction.
|9 5639
|
| 650 |
|
0 |
|a Boys
|v Fiction.
|9 5640
|
| 651 |
|
0 |
|a India
|v Fiction.
|9 5641
|
| 655 |
|
7 |
|a Adventure fiction.
|2 gsafd
|9 5642
|
| 655 |
|
7 |
|a Spy stories.
|2 gsafd
|9 5643
|
| 700 |
1 |
|
|a Said, Edward W.
|9 5622
|
| 852 |
4 |
|
|a Ayesha Abed Library
|j General Shelf.
|
| 942 |
|
|
|2 ddc
|c BK
|
| 952 |
|
|
|0 0
|1 0
|2 ddc
|4 0
|6 823_800000000000000_KIP
|7 0
|9 3066
|a BRACUL
|b BRACUL
|c GEN
|d 2009-08-31
|g 1082.00
|l 8
|m 44
|o 823.8 KIP
|p 3010012022
|r 2017-06-05
|s 2017-05-31
|t 1
|w 2009-08-31
|y BK
|x $12.99
|
| 952 |
|
|
|0 0
|1 0
|2 ddc
|4 0
|6 823_800000000000000_KIP
|7 0
|9 43842
|a BRACUL
|b BRACUL
|c GEN
|d 2014-10-16
|e Friends book corner
|g 125.00
|l 2
|m 54
|o 823.8 KIP
|p 3010028447
|r 2025-10-12
|s 2025-03-13
|t 1
|w 2014-10-16
|y BK
|x Transferred from BIL to BRACUL on 06/06/22
|